| 000 | 00557nac a22001571u 4500 | ||
|---|---|---|---|
| 008 | 080827s1992 ua|||||r|||| 000 0 ara d | ||
| 020 | _a9775337003 | ||
| 082 |
_a147 _bع د و |
||
| 245 |
_aالاتصال الروحى. _cمحمد صادق العدوى _nالجزء الاول/ |
||
| 260 |
_aالاسكندرية : _bدار صادق،1992 _c1992. |
||
| 300 |
_a84 ؛ص _c24 سم |
||
| 504 | _aببليوجرافية: ص83-84 | ||
| 511 | _aCatalogued by: Sara | ||
| 541 |
_aمكتبة الإسكندرية؛ _cاهداء؛ |
||
| 942 |
_cBB _k147ع د و _2ddc |
||
| 999 |
_c6655 _d6655 |
||